福岡市地下鉄のシンボルマーク - Statistics

General Stats
  • This quiz has been taken 73 times
  • The average score is 23 of 36
Answer Stats
Picture Answer % Correct
福岡空港
86%
西新
78%
祇園
78%
貝塚
76%
中洲川端
75%
姪浜
73%
藤崎
73%
赤坂
73%
博多
71%
箱崎宮前
71%
桜坂
71%
室見
69%
天神南
68%
唐人町
66%
薬院
66%
渡辺通
66%
東比恵
64%
六本松
64%
福大前
63%
薬院大通
63%
櫛田神社前
63%
天神
61%
七隈
61%
茶山
59%
大濠公園
58%
千代県庁口
58%
馬出九大病院前
58%
次郎丸
58%
梅林
58%
橋本
54%
金山
54%
呉服町
53%
箱崎九大前
53%
賀茂
51%
野芥
51%
別府
49%
No matching quizzes found
Score Distribution
Percent of People with Each Score
Percentile by Number Answered
Your Score History
You have not taken this quiz